000 00866nas a2200289 4500
001 BR9903341
003 BR-BrBNA
005 20231205101456.0
007 ta
008 230509b bl.|||p| |||| 00| 00por d
040 _aBR-BrBNA
_bpor
_cBiblioteca Nacional de Agricultura
041 _a(En)
072 _aF03
100 1 _aVieira, H.D.
100 1 _aSilva, R.F. da
100 1 _aBarros, R.S.
245 1 _aPH and gibberellic acid overcome dormancy of seeds of Brachiaria brizantha cv. Marandu
650 _aCapim Brachiaria
650 _aSemente
650 _aGerminacao
650 _aDormencia da Semente
650 _aAcido Giberelico
650 _aPh
773 0 _tRevista Brasileira de Fisiologia Vegetal (Brazil)
_xISSN 0103-3131
_g(Apr 1999), v. 11(1) p. 51-54
_wBR9903341
909 _a202311
_bLúcia
_c55
_dLúcia Elande
942 _2AGRIS
_n0
_cANA
999 _c162090
_d162090